Statistiques concernant Focus sur: Helena Serdaigle - Harry Potter

Cliquez ici pour prendre le quiz!

Statistiques générales

  • Ce quiz a été pris 167 fois
  • Le résultat moyen est 10 sur 11

Statistiques - réponses

Informations recherchéesRéponses% Correct
Statut du sangSang-Pur ou Sang-Mêlé
98%
Maison "fréquentée"Serdaigle
98%
Relique familialeDiadème
96%
Lieu de rencontre avec Harry PotterGrande Salle de Poudlard
96%
Ecole "fréquentée"Poudlard
96%
MèreRowena Serdaigle
95%
EspèceFantôme
91%
Profession de la mèreFondatrice de Poudlard
84%
SurnomDame Grise
83%
Première mentionHarry Potter à l'école des sorciers
83%
SoupirantBaron Sanglant
60%

Distribution des résultats

Percentile par nombre de réponses

% des personnes avec chaque résultat

Votre développement - résultats

Vous n’avez pas pris ce quiz